000 00217 a2200097 4500
001 30138
100 _aFelter P C A
245 _aPractical workshop Maths
260 _aLondon
_bOdhams Press
_c
090 _c20087
_d20087
942 _aNUST-CAE
_cM
_c11211
999 _c265211
_d265211